000 00408nam a2200169Ia 4500
005 20250508160146.0
008 008 250505s9999 xx 000 0 eng d
037 _aTextual
040 _aFEDL
_beng
_cFEDL
041 _aeng
_2eng
084 _a182, PAL
_qFEDL
245 0 _aPhilosophy of plato
250 _a2nd
300 _a171p.
942 _cTEXL
_h182, PAL
999 _c1362307
_d1362307